Notas ampuritanas : 5 5
Descripción Física:
p. 251-261 : il. ; 27 cm
Otros Autores:
Sanmartí i Grego, Enric
Materias:
Ceràmica romana
MARC
| LEADER | 00000nam a2200000Ia 4500 | ||
|---|---|---|---|
| 001 | 7940 | ||
| 008 | 160829s1975?] xx 000 0 cat d | ||
| 080 | |a FU-16-16 | ||
| 245 | |a Notas ampuritanas : |b 5 | ||
| 260 | |a [Barcelona : |b (Imp. Escola C. P. Caridad), |c 1975?] | ||
| 300 | |a p. 251-261 : |b il. ; |c 27 cm | ||
| 590 | |a Conté: Nota acerca de una imitación de la sigillata aretina detectada en Emporion / E. Sanmartí-Grego. | ||
| 590 | |a Separata d'Ampurias ; 36-37 | ||
| 650 | |a Ceràmica romana |9 34468 | ||
| 700 | |a Sanmartí i Grego, Enric |9 19674 | ||
| 901 | |a Arxiu | ||
| 942 | |n 1 | ||
| 952 | |0 0 |1 0 |4 0 |6 FU1616 |7 1 |9 46530 |a Arxiu |b Arxiu |d 2016-12-01 |l 0 |o FU-16-16 |p 7940 |r 2016-12-01 00:00:00 |w 2016-12-01 |y ARXIU | ||
| 999 | |c 50321 |d 50321 | ||